000
00316nam a2200133Ia 4500
005
20260328104320.0
008
260328s9999||||xx |||||||||||||| ||und||
100
_a
Argan, Giulio Carlo
245
0
_a
Brunelleschi /
_c
Giulio Carlo Argan
260
_b
Xarait
300
_a
149 p.
650
_a
ESCULTURA
942
_c
BK
999
_c
11329
_d
11329